| 000 | 00334nam a2200109Ia 4500 | ||
|---|---|---|---|
| 008 | 200302s9999 xx 000 0 und d | ||
| 100 | _aErnst Worrell and Markus A. Reuter | ||
| 245 | _aHandbook of Recycling State of the art for Practitioners, Analussts, and Scientists | ||
| 260 | _bElsevir Publisher | ||
| 260 | _c2014 | ||
| 300 | _a581 | ||
| 999 |
_c5330 _d5330 |
||